000 00488nam a2200169Ia 4500
008 220216s9999 xx 000 0 und d
100 _aClaramma N.M.
245 0 _aEffect of storage of natural rubber latex concentrate on properties of prevulcanized latex film
260 _bKautschuk Gummi Kunststoffe
_c1997
300 _a857-860
650 _aLatex
650 _aNatural rubber
650 _aPrevulcanized latex
700 _aMathew N.M.
700 _aVarghese L.
942 _cBS
999 _c50916
_d50916